| 000 | 01563cam0 2200361 ib4500 | ||
|---|---|---|---|
| 001 | BY-MA0000-br85333875 | ||
| 005 | 20250813162750.0 | ||
| 010 |
^a978-5-389-24891-5 ^bв переплете |
||
| 100 | ^a20250220d2024 b y0rusy50 ca | ||
| 101 | 0 | ^arus | |
| 102 | ^aRU | ||
| 105 | ^aa z 000oy | ||
| 109 | ^ama | ||
| 200 | 1 |
^aАйболит и Бармалей ^eсказки ^fКорней Чуковский ^gхудожник Ольга Громова |
|
| 210 |
^aМосква ^cМахаон ^cАзбука-Аттикус ^d2024 |
||
| 215 |
^a48 с. ^cцв. ил. ^d29 см |
||
| 225 | 1 | ^aЛюбимые книжки-мультфильмы | |
| 333 | ^a0+ | ||
| 345 | ^93000 экз. | ||
| 606 |
^aРУССКАЯ ЛИТЕРАТУРА ^3BY-NLB-ar28702 ^2DVNLB |
||
| 608 |
^aЛИТЕРАТУРНАЯ СКАЗКА ^3BY-NLB-ar16440 ^2BYGNR |
||
| 608 |
^aДЕТСКАЯ И ЮНОШЕСКАЯ ЛИТЕРАТУРА (художеств. произведение) ^3BY-NLB-ar9019 ^2BYGNR |
||
| 686 |
^a84(2=411.2)6 ^2rubbk |
||
| 690 |
^a1 ^2Base ^9BY-MI0003 ^xRSEK |
||
| 700 | 1 |
^aЧуковский ^bК. И. ^gКорней Иванович ^cписатель ^f1882—1969 ^3BY-NLB-ar2359749 |
|
| 702 | 1 |
^aГромова ^bО. ^gОльга ^cхудожник-иллюстратор ^fрод. 1973 ^3BY-PLRB-ar13930993 ^4040 |
|
| 801 | 0 |
^aBY ^bBY-MA0000 ^c20250220 ^gRCR |
|
| 801 | 2 |
^aBY ^bBY-MI0003 ^c20250624 ^gRCR |
|
| 035 | ^a(BY-MI0003)BY-MA0000-br85333875 | ||
| 899 | 0 |
^aBY-MI0003 ^iЧ 88 ^h84(2=411.2)6 мл. |
|